Catálogo

Pattern languages of program design 3 / (Registro nro. 24541)

Detalles MARC
000 -LEADER
fixed length control field 01160cam a2200313 i 4500
001 - CONTROL NUMBER
control field 24541
003 - CONTROL NUMBER IDENTIFIER
control field Mx-PuUPA
005 - DATE AND TIME OF LATEST TRANSACTION
control field 20191008155419.0
008 - FIXED-LENGTH DATA ELEMENTS--GENERAL INFORMATION
fixed length control field 140415s1998 maua fr 001 0 eng d
020 ## - INTERNATIONAL STANDARD BOOK NUMBER
International Standard Book Number 0201310112
040 ## - CATALOGING SOURCE
Original cataloging agency Mx-PuUPA
Language of cataloging spa
Transcribing agency Mx-PuUPA
Modifying agency Mx-PuUPA
Description conventions rda
041 0# - LANGUAGE CODE
Language code of text/sound track or separate title eng
245 10 - TITLE STATEMENT
Title Pattern languages of program design 3 /
Statement of responsibility, etc. edited by Robert C. Martin, Dirk Riehle, Frank Buschmann
264 #4 - PRODUCTION, PUBLICATION, DISTRIBUTION, MANUFACTURE, AND COPYRIGHT NOTICE
Place of production, publication, distribution, manufacture Massachusetts :
Name of producer, publisher, distributor, manufacturer Adison Wesley Longman,
Date of production, publication, distribution, manufacture, or copyright notice ©1998
300 ## - PHYSICAL DESCRIPTION
Extent xviii, 632 páginas :
Other physical details ilustraciones ;
Dimensions 24 cm
336 ## - CONTENT TYPE
Content type term texto
Fuente rdacontent
Content type code txt
337 ## - MEDIA TYPE
Media type term sin medio
Source rdamedia
Media type code n
338 ## - CARRIER TYPE
Carrier type term volumen
Source rdacarrier
Carrier type code nc
490 0# - SERIES STATEMENT
Series statement Software Patterns Series
650 #4 - SUBJECT ADDED ENTRY--TOPICAL TERM
Topical term or geographic name entry element Software para computadores
General subdivision Desarrollo
650 #4 - SUBJECT ADDED ENTRY--TOPICAL TERM
Topical term or geographic name entry element Programación orientada a objetos (computadores)
General subdivision Ciencias de la computación
700 1# - ADDED ENTRY--PERSONAL NAME
Personal name Martin, Robert,
Relator term editor
700 1# - ADDED ENTRY--PERSONAL NAME
Personal name Riehle, Dirk,
Relator term editor
700 1# - ADDED ENTRY--PERSONAL NAME
Personal name Buschmann, Frank,
Relator term editor
942 ## - ADDED ENTRY ELEMENTS (KOHA)
Source of classification or shelving scheme Dewey Decimal Classification
Koha item type Libro
Classification part 005.12
Item part P294
Existencias
Withdrawn status Lost status Source of classification or shelving scheme Damaged status Not for loan Collection code Home library Current library Shelving location Date acquired Source of acquisition Total Checkouts Full call number Barcode Date last seen Price effective from Koha item type
    Dewey Decimal Classification     General Biblioteca Karol Wojtyla Biblioteca Karol Wojtyla Sala general 03/12/2013 Compra   005.12 P294 1998 45841 05/01/2026 03/12/2013 Libro